Macroeconomics : (Record no. 1522)
[ view plain ]
| 000 -LEADER | |
|---|---|
| fixed length control field | 00748nac a22002051u 4500 |
| 020 ## - INTERNATIONAL STANDARD BOOK NUMBER | |
| International Standard Book Number | 0131273957 (pbk.) |
| 082 ## - DEWEY DECIMAL CLASSIFICATION NUMBER | |
| Classification number | 339 |
| Item number | F943 |
| 090 ## - LOCALLY ASSIGNED LC-TYPE CALL NUMBER (OCLC); LOCAL CALL NUMBER (OCLC) | |
| -- | 1522 |
| -- | 1522 |
| 100 ## - MAIN ENTRY--PERSONAL NAME | |
| Personal name | Froyen, Richard T. |
| 245 ## - TITLE STATEMENT | |
| Title | Macroeconomics : |
| Remainder of title | theories and policies / |
| Statement of responsibility, etc | Richard T. Froyen. |
| 250 ## - EDITION STATEMENT | |
| Edition statement | 8th ed. |
| 260 ## - PUBLICATION, DISTRIBUTION, ETC. (IMPRINT) | |
| Place of publication, distribution, etc | Upper Saddle River, NJ : |
| Name of publisher, distributor, etc | Pearson Prentice Hall, |
| Date of publication, distribution, etc | 2005. |
| 300 ## - PHYSICAL DESCRIPTION | |
| Extent | xx, 508 p. ; |
| Dimensions | 24 cm. |
| 440 ## - | |
| -- | Prentice hall series in economics |
| 500 ## - GENERAL NOTE | |
| General note | "International edition" |
| 504 ## - BIBLIOGRAPHY, ETC. NOTE | |
| Bibliography, etc | Includes bibliographical references and index. |
| 650 0# - SUBJECT ADDED ENTRY--TOPICAL TERM | |
| Topical term or geographic name as entry element | Macroeconomics. |
| 942 ## - ADDED ENTRY ELEMENTS (KOHA) | |
| Item type | |
| Call number prefix | 339F943 |
| Withdrawn status | Item status | Damaged status | Not for loan | Home library | Current library | Shelving location | Date acquired | Source of acquisition | Total Checkouts | Total Renewals | Full call number | Barcode | Date last seen | Date last borrowed | Koha item type |
|---|---|---|---|---|---|---|---|---|---|---|---|---|---|---|---|
| Central Library | Central Library | First floor | 02/11/2006 | Purchase | 5 | 3 | 339 FRO | 000002838 | 15/07/2025 | 16/12/2008 | Book - Borrowing | ||||
| Central Library | Central Library | First floor | 02/11/2006 | Purchase | 339 FRO | 000002837 | 15/07/2025 | NB - Book (Non borrowing) |